000 00397nam a2200157Ia 4500
003 Ost
005 20260225132556.0
008 260225s9999||||xx |||||||||||||| ||und||
040 _cfsic
041 _afre
082 _a440
100 _aAhmed R.Elkashef
_eAuteur
245 0 _aUnited States policy towards the arab-israeli arms race 1950-1966 /
245 0 _cAhmed R.Elkashef
942 _cكتاب
999 _c34489
_d34489